4文字以上の市町村 - Statistics

General Stats
  • This quiz has been taken 4,626 times
  • The average score is 34 of 74
Answer Stats
code pref name % Correct
A07202 福島県 会津若松あいづわかまつ
72%
A19208 山梨県 みなみアルプス
71%
A08235 茨城県 つくばみらい
69%
A09213 栃木県 那須塩原なすしおばら
67%
A08221 茨城県 ひたちなか
64%
A05210 秋田県 由利本荘ゆりほんじょう
62%
A13223 東京都 武蔵村山むさしむらやま
61%
A02205 青森県 五所川原ごしょがわら
60%
A34214 広島県 安芸高田あきたかた
59%
A01470 北海道 音威子府おといねっぷむら
58%
A08212 茨城県 常陸太田ひたちおおた
58%
A22225 静岡県 伊豆いずくに
58%
A38213 愛媛県 四国中央しこくちゅうおう
57%
A08230 茨城県 かすみがうら
56%
A11100 埼玉県 さいたま
56%
A08225 茨城県 常陸大宮ひたちおおみや
56%
A25204 滋賀県 近江八幡おうみはちまん
56%
A13228 東京都 あきる
55%
A19202 山梨県 富士吉田ふじよしだ
55%
A46215 鹿児島県 薩摩川内さつませんだい
55%
A09215 栃木県 那須烏山なすからすやま
54%
A29203 奈良県 大和郡山やまとこおりやま
54%
A03210 岩手県 陸前高田りくぜんたかた
53%
A37207 香川県 ひがしかがわ
53%
A12239 千葉県 大網白里おおあみしらさと
52%
A35216 山口県 山陽小野田さんようおのだ
52%
A19430 山梨県 富士河口湖ふじかわぐちこまち
51%
A27231 大阪府 大阪狭山おおさかさやま
50%
A46219 鹿児島県 いちき串木野くしきの
50%
A27216 大阪府 河内長野かわちながの
49%
A27383 大阪府 千早赤阪ちはやあかさかむら
49%
A39209 高知県 土佐清水とさしみず
48%
A44209 大分県 豊後高田ぶんごたかだ
48%
A10449 群馬県 みなかみまち
47%
A07421 福島県 会津坂下あいづばんげまち
47%
A17386 石川県 宝達志水ほうだつしみずちょう
47%
A13222 東京都 東久留米ひがしくるめ
45%
A28221 兵庫県 丹波篠山たんばささやま
45%
A01610 北海道 しんひだかちょう
44%
A07447 福島県 会津美里あいづみさとまち
43%
A29202 奈良県 大和高田やまとたかだ
43%
A44212 大分県 豊後大野ぶんごおおの
43%
A21211 岐阜県 美濃加茂みのかも
41%
A23234 愛知県 北名古屋きたなごや
41%
A01461 北海道 中富良野なかふらのちょう
40%
A01462 北海道 南富良野みなみふらのちょう
40%
A01460 北海道 上富良野かみふらのちょう
39%
A34545 広島県 神石高原じんせきこうげんちょう
39%
A35305 山口県 周防大島すおうおおしまちょう
39%
A37406 香川県 まんのうちょう
37%
A01432 北海道 新十津川しんとつかわちょう
37%
A11245 埼玉県 ふじみ
37%
A28224 兵庫県 みなみあわじ
37%
A30421 和歌山県 那智勝浦なちかつうらちょう
37%
A38386 愛媛県 久万高原くまこうげんちょう
37%
A42411 長崎県 新上五島しんかみごとうちょう
37%
A46220 鹿児島県 みなみさつま
36%
A02412 青森県 おいらせちょう
35%
A20563 長野県 野沢温泉のざわおんせんむら
35%
A34368 広島県 安芸太田あきおおたちょう
35%
A32528 島根県 隠岐おきしまちょう
35%
A11349 埼玉県 ときがわまち
34%
A41327 佐賀県 吉野ヶ里よしのがりちょう
34%
A12403 千葉県 九十九里くじゅうくりまち
33%
A05327 秋田県 上小阿仁かみこあにむら
32%
A01519 北海道 利尻富士りしりふじちょう
31%
A19346 山梨県 市川三郷いちかわみさとちょう
30%
A33681 岡山県 吉備中央きびちゅうおうちょう
29%
A26344 京都府 宇治田原うじたわらちょう
28%
A30341 和歌山県 かつらぎちょう
26%
A34431 広島県 大崎上島おおさきかみじまちょう
25%
A36489 徳島県 ひがしみよしちょう
25%
A43514 熊本県 あさぎりちょう
24%
A36321 徳島県 佐那河内さなごうちそん
24%
No matching quizzes found
Score Distribution
Percent of People with Each Score
Percentile by Number Answered
Your Score History
You have not taken this quiz